000 01779cam a2200373 a 4500
001 EDZ0000063532
003 StDuBDS
005 20161031105217.0
006 m||||||||d||||||||
007 cr |||||||||||
008 120315s2011 cau fo| 001|0|eng d
020 _a9781452230429 (ebook) :
_cNo price
040 _aStDuBDS
_beng
_cStDuBDS
_epn
049 _aAlfaisal Main Library
050 0 _aHV11
_b.L48 2011
082 0 4 _a361.30973
_223
245 0 4 _aThe social workout book
_h[electronic resource] :
_bstrength-building exercises for the pre-professional /
_c[edited by] Alice A. Lieberman.
250 _a2nd ed.
260 _aThousand Oaks, Calif. :
_bSAGE,
_c2011.
300 _a1 online resource (xvi, 147 p.)
500 _aPrevious ed.: published as The social workout book / Alice A. Lieberman. c1998.
520 8 _aThis book is for the social work or social welfare student fortunate enough to be offered active or collaborative learning right from the start. Picking up on the topics of the typical mega textbook, Alice Lieberman invites the students to apply critical thinking to the fierce debates and issues which lie underneath the bland interior of their textbook, and debate them with their fellow students.
521 _aSpecialized.
588 _aDescription based on print version record.
504 _aIncludes bibliographical references and index.
650 0 _aSocial work education
_zUnited States.
655 7 _aElectronic books.
_2local
700 1 _aLieberman, Alice A.
700 1 _aLieberman, Alice A.
_tSocial workout book.
710 2 _aSage eBooks
776 0 8 _iPrint version :
_z9781412965149
856 4 0 _uhttp://ezproxy.alfaisal.edu/login?url=http://sk.sagepub.com/books/the-social-workout-book-2e
942 _2lcc
_cEBOOKS
999 _c481786
_d481786